00638nam a2200217Ia 450000500170000000800410001702000150005808200210007324500500009426000380014430000180018265000140020065000120021465000140022665000130024070000230025370000260027694200060030295200970030899900150040520250129044448.0240331s9999 xx 000 0 und d a0415926114 bBRE24257a304.8 0aMigration Theory:bTalking Across Disciplines aNew YorkaLondonbRoutledgec2000 aviii, 239 p., aMigration aHistory aSociology aPolitics aBrettel, C. Beedt aHollifield, J. Feedt cL 001040708LaWERCLbWERCLcSSCd2024-03-31l0o 304.8 MIGp4257r2024-03-31w2024-03-31yL c1438d1438